|
|
|
|
| LEADER |
00000nam0a2200000 4500 |
| 001 |
332987 |
| 005 |
20231102004517.0 |
| 035 |
|
|
|a (RuTPU)RU\TPU\book\358982
|
| 035 |
|
|
|a RU\TPU\book\358960
|
| 090 |
|
|
|a 332987
|
| 100 |
|
|
|a 20170605d1978 k y0rusy5003 ca
|
| 101 |
0 |
|
|a rus
|
| 102 |
|
|
|a RU
|
| 105 |
|
|
|a a z 001zy
|
| 200 |
1 |
|
|a Научные исследования в области инженерной гидрогеологии
|f Всесоюзный научно-исследовательский институт водоснабжения, канализации, гидротехнических сооружений и инженерной гидрогеологии (НИИ ВОДГЕО, ВНИИводгео) ; науч. ред. В. С. Алексеев
|
| 210 |
|
|
|a Москва
|c Изд-во ВНИИ ВОДГЕО
|d 1978
|
| 215 |
|
|
|a 191 с.
|c ил.
|
| 225 |
1 |
|
|a Труды института ВОДГЕО
|v Вып. 74
|x 0135-3217
|
| 320 |
|
|
|a Библиогр. в конце ст.
|
| 606 |
1 |
|
|a Инженерная гидрология
|2 stltpush
|3 (RuTPU)RU\TPU\subj\12574
|9 39337
|
| 610 |
1 |
|
|a подземные воды
|
| 610 |
1 |
|
|a поток
|
| 610 |
1 |
|
|a структура
|
| 610 |
1 |
|
|a водоемы
|
| 610 |
1 |
|
|a свободная фильтрация
|
| 610 |
1 |
|
|a грунты
|
| 610 |
1 |
|
|a кольматация
|
| 610 |
1 |
|
|a промышленные стоки
|
| 610 |
1 |
|
|a утечка
|
| 610 |
1 |
|
|a пласты
|
| 610 |
1 |
|
|a подземное захоронение
|
| 610 |
1 |
|
|a соленакопители
|
| 610 |
1 |
|
|a фильтрационные потери
|
| 610 |
1 |
|
|a кустовые откачки
|
| 675 |
|
|
|a 624.131.6
|z rus
|v 4
|
| 702 |
|
1 |
|a Алексеев
|b В. С.
|g Владимир Сергеевич
|4 340
|
| 712 |
0 |
2 |
|a Всесоюзный научно-исследовательский институт водоснабжения, канализации, гидротехнических сооружений и инженерной гидрогеологии (НИИ ВОДГЕО, ВНИИводгео)
|c (Москва)
|2 stltpush
|3 (RuTPU)RU\TPU\col\4603
|
| 801 |
|
0 |
|a RU
|b 63413507
|c 19950704
|g psbo
|
| 801 |
|
1 |
|a RU
|b 63413507
|c 20151110
|
| 801 |
|
2 |
|a RU
|b 63413507
|c 20231010
|g RCR
|
| 942 |
|
|
|c BK
|